| 000 | 00741nam a2200229 a 4500 | ||
|---|---|---|---|
| 999 |
_c5424 _d5424 |
||
| 001 | 5424 | ||
| 003 | BD-JhCC | ||
| 005 | 20200319134018.0 | ||
| 008 | 171214s2012 bg |||| || | 000 0 eng d | ||
| 035 | _a(BD-JhCC)5424 | ||
| 040 |
_aBD-JhCC _dBD-JhCC |
||
| 041 | _aeng | ||
| 082 |
_a510 _bFAR 2012 |
||
| 100 | _aফরহাদ, মোঃ সাইফুল ইসলাম | ||
| 245 |
_aকাল্পনিক ও জটিল সংখ্যার ভুবনে / _cমোঃ সাইফুল ইসলাম ফরহাদ, |
||
| 260 |
_aঢাকা : _bঅনুপম প্রকাশনী, _c2012. |
||
| 300 |
_a111 p. : _c21 cm. |
||
| 650 | _aMathematics | ||
| 650 | _aNumber | ||
| 942 |
_2ddc _cBK _04 |
||